Autonomie smluvní vůle na příkladu paušalizace příplatků v kolektivní smlouvě

Paušalizácia zákonných príplatkov za prácu nadčas v sobotu alebo v nedeľu. Autorov postoj k nejasnému jazykovému zneniu Zákonníka práce. Problém tzv. čiernych pasažierov.

Enregistré dans:
Détails bibliographiques
Auteur principal: Štefko, Martin
Format: Chapitre de livre
Langue:tchèque
Sujets:
Tags: Ajouter un tag
Pas de tags, Soyez le premier à ajouter un tag!

MARC

LEADER 00000naa a2200000 4500
001 0259767
005 20191120104957.1
041 0 |a cze 
044 |a SK 
245 1 0 |a Autonomie smluvní vůle na příkladu paušalizace příplatků v kolektivní smlouvě  |c Martin Štefko 
520 |a Paušalizácia zákonných príplatkov za prácu nadčas v sobotu alebo v nedeľu. Autorov postoj k nejasnému jazykovému zneniu Zákonníka práce. Problém tzv. čiernych pasažierov. 
610 2 0 |a zákonník práce 
610 2 0 |a právo pracovné 
610 2 0 |a odmeny 
610 2 0 |a príplatky 
610 2 0 |a Česko 
100 1 |a Štefko, Martin